| 000 | 00661nam a2200205 i 4500 | ||
|---|---|---|---|
| 001 | 91704 | ||
| 003 | ES-MaACL | ||
| 005 | 20250809063509.0 | ||
| 007 | t| | ||
| 008 | 050208s1977 sp ||||1| spa d | ||
| 080 | _a266(671.8) | ||
| 100 | 1 |
_aVilar, Juan Bautista, _d1941-2018 _9114797 |
|
| 245 | 1 | 0 |
_aMisiones católicas y protestantes en Guinea Ecuatorial (1829-1900) / _cJuan Bta. Vilar. |
| 260 |
_a[S.l. : _bs.n.], _c1977. |
||
| 300 |
_a11 p. ; _c24 cm. |
||
| 500 | _aSeparata de: Scriptorium Victoriense, nº 24, 1977. | ||
| 650 | 1 | 4 |
_aMisiones- _zGuinea Ecuatorial. _915078 |
| 852 |
_aES-MaACL _j2186-F-10 _bR.135349 |
||
| 999 |
_c91704 _d91704 |
||